Vista normal
Vista MARC
Entrada Personal Name
Número de registros utilizados en: 2
001 - CONTROL NUMBER
- control field: 43244
003 - CONTROL NUMBER IDENTIFIER
- control field: OSt
005 - DATE AND TIME OF LATEST TRANSACTION
- control field: 20240208143516.0
008 - FIXED-LENGTH DATA ELEMENTS
- fixed length control field: 240208|| aca||aabn | a|a d
040 ## - CATALOGING SOURCE
- Original cataloging agency: OSt
- Transcribing agency: OSt
100 ## - HEADING--PERSONAL NAME
- Personal name: Vallejo, Cesar
670 ## - SOURCE DATA FOUND
- Source citation: Work cat.: (OSt)30523: Vallejo, Cesar autor, Paco yunque / , 2021